000
00220nam a2200109Ia 4500
100
_a
#N/A
942
_c
BK
245
_a
Digit january 2013 Android SDK and Resouces
260
_b
#N/A
546
_a
ENGLISH
999
_c
21143
_d
21143